Score 0/40 Timer 20:00
0 Plays Today
% Correct
Island of the Idols
79%
Marquesas
70.4%
Winners at War
69.1%
Cook Islands
67.9%
Edge of Extinction
67.9%
The Australian Outback
66.7%
Cagayan
65.4%
Thailand
63%
Heroes vs Healers vs Hustlers
63%
Heroes vs Villains
61.7%
David vs Goliath
61.7%
Panama
60.5%
Pearl Islands
59.3%
The Amazon
56.8%
Blood vs Water
55.6%
Tocantins
54.3%
San Juan del Sur
54.3%
Fiji
53.1%
Ghost Island
53.1%
All Stars
51.9%
% Correct
Nicaragua
51.9%
Palau
50.6%
China
50.6%
Africa
49.4%
Guatemala
48.1%
Gabon
48.1%
Samoa
46.9%
South Pacific
46.9%
Micronesia
45.7%
Philippines
45.7%
Game Changers
45.7%
Borneo
44.4%
Vanuatu
44.4%
Kaoh Rong
44.4%
Redemption Island
43.2%
One World
39.5%
Worlds Apart
38.3%
Cambodia
37%
Caramoan
34.6%
Millennials vs Gen X
33.3%
Remove Ads.
Support Sporcle.
Get the best of Sporcle when you Go Orange. This ad-free experience offers more features, more stats, and more fun while also helping to support Sporcle. Thank you for becoming a member.

You're not logged in!

Compare scores with friends on all Sporcle quizzes.
OR
Log In

Sporcle TV

Today on Sporcle TV


Watch our educational content, quiz creation guides, and fun videos on Sporcle TV.

Show Comments

Extras

Top Quizzes Today


Score Distribution

Paid Content

Your Account Isn't Verified!

In order to create a playlist on Sporcle, you need to verify the email address you used during registration. Go to your Sporcle Settings to finish the process.

Report this User

Report this user for behavior that violates our Community Guidelines.

Details: